[Event "SK Rothenburg e.V. 1-SC Noris-Tarrasch N"]
[Site "?"]
[Date "2013.04.21"]
[Round "9.1"]
[White "Vogiatzis, Dimitrios"]
[Black "Engelmann, Wolfgang"]
[Result "1/2-1/2"]
[WhiteElo "2107"]
[BlackElo "2040"]
[PlyCount "55"]
[EventDate "2013.??.??"]
[WhiteTeam "SC Noris-Tarrasch N 1873 e.V. 5"]
[BlackTeam "SK Rothenburg e.V. 1"]

1. d4 d5 2. e3 Nf6 3. f4 c5 4. Nf3 Nc6 5. c3 Bg4 6. Bd3 e6 7. O-O Bd6 8. Qe1
Qc7 9. Ne5 Bf5 10. Be2 O-O-O 11. a4 g5 12. Na3 Bxe5 13. Nb5 Qe7 14. fxe5 Ne8
15. dxc5 Qxc5 16. b4 Qf8 17. Nd4 Nxe5 18. Nxf5 exf5 19. Rxf5 f6 20. Qf1 Qg7 21.
b5 Nd6 22. Rxf6 Rhf8 23. Rxf8 Rxf8 24. Qe1 Ne4 25. Ba3 Rf2 26. Rd1 g4 27. Qxf2
Nxf2 28. Kxf2 1/2-1/2

[Event "SK Rothenburg e.V. 1-SC Noris-Tarrasch N"]
[Site "?"]
[Date "2013.04.21"]
[Round "9.2"]
[White "Zeltner, Ottmar"]
[Black "Herlan, Klaus-Jürgen"]
[Result "1-0"]
[WhiteElo "2083"]
[BlackElo "1971"]
[PlyCount "79"]
[EventDate "2013.??.??"]
[WhiteTeam "SK Rothenburg e.V. 1"]
[BlackTeam "SC Noris-Tarrasch N 1873 e.V. 5"]

1. e4 c5 2. Nf3 e6 3. d4 cxd4 4. Nxd4 a6 5. Nc3 Qc7 6. Bd3 Nf6 7. O-O b5 8. a3
Bb7 9. Qe2 d6 10. Be3 Nbd7 11. Rac1 g6 12. Rfd1 Bg7 13. Bxb5 axb5 14. Ndxb5 Qb8
15. Nxd6+ Kf8 16. Qd2 Bc6 17. Rb1 h5 18. b4 Rxa3 19. b5 Ba8 20. e5 Nd5 21. Nxd5
Bxd5 22. Qb4 Qa8 23. Nc4+ Kg8 24. Qxa3 Kh7 25. Qxa8 Rxa8 26. f4 Rc8 27. Nd6
Rxc2 28. Rd2 Rxd2 29. Bxd2 f6 30. Ne8 fxe5 31. Nxg7 Kxg7 32. fxe5 Nc5 33. Be3
Nb7 34. h4 Kf7 35. Rc1 Ke8 36. Bb6 Kf8 37. Rc7 Kg8 38. g3 Kf8 39. Kf2 Kg8 40.
Ke3 1-0

[Event "SK Rothenburg e.V. 1-SC Noris-Tarrasch N"]
[Site "?"]
[Date "2013.04.21"]
[Round "9.3"]
[White "Kozik, Andreas"]
[Black "Zeltner, Gottfried"]
[Result "0-1"]
[WhiteElo "1975"]
[BlackElo "1896"]
[PlyCount "94"]
[EventDate "2013.??.??"]
[WhiteTeam "SC Noris-Tarrasch N 1873 e.V. 5"]
[BlackTeam "SK Rothenburg e.V. 1"]

1. e4 e5 2. Nf3 Nc6 3. d4 exd4 4. Nxd4 Bc5 5. Be3 Nxd4 6. Bxd4 Bxd4 7. Qxd4 Qf6
8. e5 Qb6 9. Qxb6 axb6 10. Bc4 f6 11. Bxg8 Rxg8 12. exf6 gxf6 13. O-O d6 14.
Re1+ Kf7 15. Nc3 Ra5 16. Rad1 Be6 17. a3 Re5 18. Rxe5 fxe5 19. Nb5 Rc8 20. Na7
Rd8 21. Nb5 Rd7 22. Nc3 d5 23. Re1 Kf6 24. Rd1 c5 25. Na4 Rd6 26. Nc3 Kf5 27.
Ne2 e4 28. Ng3+ Ke5 29. Re1 Bf5 30. Nxf5 Kxf5 31. Kf1 d4 32. Ke2 b5 33. Rd1 Ke5
34. c3 Rg6 35. cxd4+ cxd4 36. g3 Rc6 37. Kd2 Rf6 38. Ke2 d3+ 39. Ke1 Kd4 40.
Rd2 e3 41. fxe3+ Kxe3 42. Rg2 b4 43. g4 bxa3 44. bxa3 Rb6 45. Rg3+ Kd4 46. h4
Kc3 47. Re3 Kc2 0-1

[Event "SK Rothenburg e.V. 1-SC Noris-Tarrasch N"]
[Site "?"]
[Date "2013.04.21"]
[Round "9.5"]
[White "Pühn, Georg"]
[Black "Diller, Marianne"]
[Result "0-1"]
[WhiteElo "1989"]
[BlackElo "1792"]
[PlyCount "118"]
[EventDate "2013.??.??"]
[WhiteTeam "SC Noris-Tarrasch N 1873 e.V. 5"]
[BlackTeam "SK Rothenburg e.V. 1"]

1. e4 d5 2. exd5 Qxd5 3. Nf3 Nf6 4. Be2 Bf5 5. O-O c6 6. d4 e6 7. Nbd2 Nbd7 8.
Nc4 Be4 9. Ne3 Qa5 10. Bd2 Qc7 11. a4 Bd6 12. g3 c5 13. Nc4 O-O 14. Nxd6 Qxd6
15. Bf4 Qb6 16. dxc5 Qxb2 17. Rb1 Qa3 18. Bd6 Rfd8 19. c6 Nc5 20. cxb7 Bxb7 21.
Rxb7 Qc3 22. Rc7 Nfe4 23. Rc6 Qb4 24. Ne5 Qxa4 25. Bf3 f6 26. Rxc5 Rxd6 27. Qa1
Nxc5 28. Bxa8 fxe5 29. Qxa4 Nxa4 30. Ra1 Nc3 31. Rxa7 Rd2 32. Re7 Rxc2 33. Rxe6
Ra2 34. Bc6 Ra5 35. Kg2 Kf7 36. Rd6 e4 37. Rd7+ Kf6 38. Rd8 Ra2 39. Rf8+ Ke5
40. Re8+ Kd4 41. Re7 g5 42. h3 h6 43. Re8 Rb2 44. Re7 Rb6 45. Ba8 Kd3 46. Rd7+
Ke2 47. Re7 Rb4 48. Re6 Ke1 49. Kg1 h5 50. Re5 h4 51. gxh4 gxh4 52. Kg2 Rb2 53.
Bxe4 Rxf2+ 54. Kh1 Re2 55. Rg5 Nxe4 56. Rg2 Nf2+ 57. Kh2 Re3 58. Rg1+ Ke2 59.
Ra1 Rxh3+ 0-1

[Event "SK Rothenburg e.V. 1-SC Noris-Tarrasch N"]
[Site "?"]
[Date "2013.04.21"]
[Round "9.6"]
[White "Kröger, Joachim"]
[Black "Rabenstein, Christian"]
[Result "1-0"]
[WhiteElo "1679"]
[BlackElo "1876"]
[PlyCount "91"]
[EventDate "2013.??.??"]
[WhiteTeam "SK Rothenburg e.V. 1"]
[BlackTeam "SC Noris-Tarrasch N 1873 e.V. 5"]

1. e4 c5 2. Nf3 e6 3. c3 Nf6 4. e5 Nd5 5. Bc4 Nc6 6. O-O d6 7. Qe2 Be7 8. Bxd5
exd5 9. d4 cxd4 10. cxd4 Bg4 11. exd6 Qxd6 12. Be3 O-O 13. Nbd2 Bf6 14. Qb5 a6
15. Qb6 Rab8 16. a3 Bd8 17. Qb3 b5 18. Rac1 Na5 19. Qc3 Nc4 20. Ne5 Bf5 21. Bf4
Qb6 22. Nexc4 bxc4 23. Bxb8 Qxb8 24. b3 cxb3 25. Qxb3 Bg5 26. Qxb8 Rxb8 27. f4
Bf6 28. Nf3 Rb3 29. g4 Bxg4 30. Rb1 Rxb1 31. Rxb1 g6 32. Ne5 Be2 33. Kf2 Bb5
34. Ke3 Be7 35. Ra1 f6 36. Nd3 Kf7 37. Nc5 h6 38. a4 Bc4 39. Rb1 g5 40. f5 h5
41. Kf2 Bd6 42. Rb7+ Ke8 43. h3 g4 44. hxg4 hxg4 45. Ra7 Kd8 46. Rd7+ 1-0

[Event "SK Rothenburg e.V. 1-SC Noris-Tarrasch N"]
[Site "?"]
[Date "2013.04.21"]
[Round "9.7"]
[White "Zippel, Harald"]
[Black "Schön, Michael"]
[Result "1/2-1/2"]
[WhiteElo "1856"]
[BlackElo "1652"]
[PlyCount "62"]
[EventDate "2013.??.??"]
[WhiteTeam "SC Noris-Tarrasch N 1873 e.V. 5"]
[BlackTeam "SK Rothenburg e.V. 1"]

1. e4 d6 2. d4 Nf6 3. Nc3 g6 4. f4 Bg7 5. Nf3 O-O 6. Be2 Nbd7 7. O-O c5 8. e5
Ne8 9. Be3 cxd4 10. Bxd4 a6 11. a4 Qa5 12. exd6 Bxd4+ 13. Qxd4 Nxd6 14. b4 Qb6
15. Nd5 Qd8 16. c4 Nf5 17. Qc3 e6 18. Ne3 Nxe3 19. Qxe3 Nf6 20. Rfd1 Qe7 21.
Rab1 Bd7 22. b5 Rfd8 23. Ne5 Be8 24. Qb6 axb5 25. axb5 Rxd1+ 26. Rxd1 Ne4 27.
Bf3 Nc3 28. Re1 Qb4 29. Qe3 Ra3 30. Qd2 Ra2 31. Qe3 Ra3 1/2-1/2

[Event "SC Bad Windsheim 1920 e.V. 1-SC Heilsbro"]
[Site "?"]
[Date "2013.04.21"]
[Round "9.1"]
[White "Planner, Jörg"]
[Black "Pfitzinger, Leonhard"]
[Result "1-0"]
[WhiteElo "1847"]
[BlackElo "1954"]
[PlyCount "83"]
[EventDate "2013.??.??"]
[WhiteTeam "SC Heilsbronn 1"]
[BlackTeam "SC Bad Windsheim 1920 e.V. 1"]

1. e4 d6 2. d4 Nf6 3. Nc3 g6 4. f3 Nbd7 5. Be3 c6 6. Qd2 Qa5 7. Nge2 b5 8. Nc1
Qc7 9. Nd3 Nb6 10. b3 Bd7 11. Be2 h5 12. O-O Bg7 13. a4 bxa4 14. Nxa4 O-O 15.
Nc3 Rfc8 16. Rac1 a5 17. Qe1 a4 18. Nxa4 Nxa4 19. bxa4 Rxa4 20. c4 Be8 21. Kh1
Bd7 22. Qd2 Qa5 23. Rfd1 Ra8 24. Qxa5 R8xa5 25. h4 Ra2 26. Bf1 Ne8 27. Rb1 Ra7
28. Rb8 Kh7 29. c5 Nc7 30. cxd6 exd6 31. d5 c5 32. Bf4 Ne8 33. e5 dxe5 34. Nxe5
Bxe5 35. Bxe5 f6 36. Bc3 Kg7 37. Re1 Ra8 38. Rxa8 Rxa8 39. Re7+ Kf8 40. Rxd7
Ra3 41. Bd2 Ra4 42. Bb5 1-0

[Event "SC Bad Windsheim 1920 e.V. 1-SC Heilsbro"]
[Site "?"]
[Date "2013.04.21"]
[Round "9.2"]
[White "Auth, Bernhard"]
[Black "Horneber, Thomas"]
[Result "0-1"]
[WhiteElo "1830"]
[BlackElo "1952"]
[PlyCount "150"]
[EventDate "2013.??.??"]
[WhiteTeam "SC Bad Windsheim 1920 e.V. 1"]
[BlackTeam "SC Heilsbronn 1"]

1. d4 d6 2. Nf3 g6 3. g3 Bg7 4. Bg2 Nf6 5. O-O c6 6. c4 Nbd7 7. Nc3 O-O 8. e4
e5 9. dxe5 dxe5 10. b4 Qe7 11. Qb3 b6 12. a4 Rb8 13. Ba3 Bb7 14. Rad1 Rfd8 15.
Rfe1 Bf8 16. Nb1 c5 17. b5 Bg7 18. Nc3 Nf8 19. Nd5 Bxd5 20. exd5 Ne8 21. Bb2 f6
22. Nd2 Qc7 23. Ne4 Nd6 24. Bf1 Re8 25. f4 f5 26. Nf6+ Bxf6 27. fxe5 Bg7 28.
exd6 Qxd6 29. Bxg7 Kxg7 30. Re3 Re5 31. Rxe5 Qxe5 32. d6 Ne6 33. Rd5 Qf6 34.
Qd3 Nd4 35. Qe3 Kf7 36. Qf4 g5 37. Qf2 Rd8 38. d7 Qe6 39. Bd3 f4 40. Rxg5 Rxd7
41. Qxf4+ Qf6 42. Qxf6+ Kxf6 43. Rd5 Rxd5 44. cxd5 h6 45. Kf2 Ke5 46. Bc4 Nf5
47. Bd3 Ne7 48. d6 Kxd6 49. Kf3 Ke5 50. g4 Nd5 51. h4 Nb4 52. Be4 Nd5 53. g5
hxg5 54. hxg5 Ne7 55. Bc2 Nf5 56. Bd3 Ng7 57. g6 Ne6 58. Kg4 Kf6 59. Bc2 Nd4
60. Be4 Ne6 61. Kh5 Kg7 62. Bb1 c4 63. Kg4 c3 64. Kf5 c2 65. Bxc2 Nd4+ 66. Ke5
Nxc2 67. Kd6 Kxg6 68. Kc7 Kf6 69. Kb7 Ne3 70. Kxa7 Nc4 71. Kb7 Ke6 72. Kc6 Ke5
73. a5 bxa5 74. b6 Nxb6 75. Kxb6 a4 0-1

[Event "SC Bad Windsheim 1920 e.V. 1-SC Heilsbro"]
[Site "?"]
[Date "2013.04.21"]
[Round "9.4"]
[White "Kaiser, Hans"]
[Black "Lunz, Dieter"]
[Result "1/2-1/2"]
[WhiteElo "2100"]
[BlackElo "1969"]
[PlyCount "35"]
[EventDate "2013.??.??"]
[WhiteTeam "SC Bad Windsheim 1920 e.V. 1"]
[BlackTeam "SC Heilsbronn 1"]

1. e4 e6 2. d4 d5 3. Nd2 Nf6 4. e5 Nfd7 5. Bd3 c5 6. c3 Nc6 7. Ne2 cxd4 8. cxd4
Nb4 9. Bb1 Be7 10. O-O b6 11. a3 Nc6 12. Bd3 Bb7 13. f4 g6 14. b4 a6 15. Nf3 b5
16. Kh1 Qb6 17. Bd2 a5 18. Qb3 1/2-1/2

[Event "SC Bad Windsheim 1920 e.V. 1-SC Heilsbro"]
[Site "?"]
[Date "2013.04.21"]
[Round "9.5"]
[White "Röschinger, Udo"]
[Black "Böllmann, Dierk"]
[Result "1/2-1/2"]
[WhiteElo "2015"]
[BlackElo "1566"]
[PlyCount "97"]
[EventDate "2013.??.??"]
[WhiteTeam "SC Heilsbronn 1"]
[BlackTeam "SC Bad Windsheim 1920 e.V. 1"]

1. c4 Nf6 2. Nc3 e5 3. g3 Bc5 4. Bg2 Nc6 5. e3 Qe7 6. Nge2 d6 7. a3 a6 8. O-O
O-O 9. b4 Ba7 10. Bb2 Bg4 11. Rc1 Qe6 12. d3 Bh3 13. Nd5 Bxg2 14. Nxf6+ Qxf6
15. Kxg2 Qe7 16. Nc3 Nd8 17. d4 c6 18. Qd3 f6 19. Rcd1 Nf7 20. Ne2 Rad8 21. e4
d5 22. cxd5 cxd5 23. exd5 Rxd5 24. Qb3 Rfd8 25. dxe5 Rxd1 26. Rxd1 Rxd1 27.
Qxd1 Nxe5 28. Qd5+ Kf8 29. Nf4 Bb8 30. Bd4 Ke8 31. Bc5 Qf7 32. Ne6 Nc6 33. Qe4
Kd7 34. Nf8+ Kc8 35. Nxh7 Bc7 36. Qf5+ Qd7 37. Qxd7+ Kxd7 38. Nf8+ Kc8 39. Ne6
g6 40. Nxc7 Kxc7 41. h4 Kd7 42. g4 Ne5 43. Kg3 Ke6 44. a4 Nd3 45. f4 a5 46. h5
gxh5 47. gxh5 Kf5 48. h6 Kg6 49. Be7 1/2-1/2

[Event "SC Bad Windsheim 1920 e.V. 1-SC Heilsbro"]
[Site "?"]
[Date "2013.04.21"]
[Round "9.6"]
[White "Krenz, Marco"]
[Black "Heinz, Manfred"]
[Result "0-1"]
[WhiteElo "1260"]
[BlackElo "1825"]
[PlyCount "88"]
[EventDate "2013.??.??"]
[WhiteTeam "SC Bad Windsheim 1920 e.V. 1"]
[BlackTeam "SC Heilsbronn 1"]

1. c3 d5 2. d3 e5 3. Qc2 Nf6 4. Bg5 Be7 5. Bxf6 Bxf6 6. e4 O-O 7. Nd2 c6 8. Ne2
Be6 9. f4 Bg4 10. f5 Nd7 11. O-O-O Bg5 12. h3 Bxe2 13. Bxe2 a5 14. Kb1 a4 15.
g3 a3 16. b3 Qb6 17. h4 Be3 18. g4 Bf4 19. g5 Qe3 20. Nf1 Qf2 21. Bg4 Qxc2+ 22.
Kxc2 dxe4 23. dxe4 Nc5 24. Bf3 Rfd8 25. Nd2 Bxd2 26. Rxd2 Rxd2+ 27. Kxd2 Rd8+
28. Kc2 Kf8 29. b4 Na4 30. Rd1 Ra8 31. h5 Ke7 32. c4 Nb2 33. Rd2 Nxc4 34. Rd3
f6 35. gxf6+ gxf6 36. Kc3 b5 37. Be2 Rg8 38. Rh3 Nd6 39. Bf3 Rg1 40. Kb3 Rb1+
41. Kc3 Rb2 42. Rh1 Rxa2 43. Kb3 Rb2+ 44. Kc3 Rf2 0-1

[Event "SC Bad Windsheim 1920 e.V. 1-SC Heilsbro"]
[Site "?"]
[Date "2013.04.21"]
[Round "9.8"]
[White "Emmert, Erich"]
[Black "Wiedemann, Jan"]
[Result "1/2-1/2"]
[WhiteElo "1379"]
[BlackElo "1598"]
[PlyCount "88"]
[EventDate "2013.??.??"]
[WhiteTeam "SC Bad Windsheim 1920 e.V. 1"]
[BlackTeam "SC Heilsbronn 1"]

1. d4 Nf6 2. c4 e6 3. Nc3 b6 4. Nf3 Bb7 5. e3 Be7 6. Be2 O-O 7. O-O d6 8. Qc2
Nbd7 9. e4 e5 10. Bg5 Ne8 11. Be3 Nef6 12. Rad1 Qe8 13. d5 Ng4 14. Bc1 a5 15.
h3 Ngf6 16. Be3 h6 17. a3 Qd8 18. Kh1 c6 19. Rg1 Qc7 20. Qd2 Nc5 21. Qc2 Kh7
22. g4 Qd7 23. Rg3 Rh8 24. Kg2 Kg8 25. Rg1 Nh7 26. Kf1 g5 27. Rh1 Kg7 28. h4
Rag8 29. hxg5 Bxg5 30. Nxg5 hxg5 31. Rh5 f6 32. Rgh3 Nf8 33. Qd2 Nb3 34. Qc2
Nc5 35. Kg2 Rxh5 36. Rxh5 Rh8 37. Rxh8 Kxh8 38. Qd1 Qh7 39. Qh1 Ng6 40. Qxh7+
Kxh7 41. b4 axb4 42. axb4 Nd7 43. Kg3 Kg7 44. b5 c5 1/2-1/2

[Event "SpVgg. Zabo-Eintracht N e.V. 1-SF Fürth "]
[Site "?"]
[Date "2013.04.21"]
[Round "9.1"]
[White "Koschka, Günther"]
[Black "Brenner, Christian"]
[Result "1/2-1/2"]
[WhiteElo "1895"]
[BlackElo "2064"]
[PlyCount "85"]
[EventDate "2013.??.??"]
[WhiteTeam "SF Fürth 1951 e.V. 2"]
[BlackTeam "SpVgg. Zabo-Eintracht N e.V. 1"]

1. e4 e5 2. Nf3 Nc6 3. d4 exd4 4. Nxd4 Bc5 5. Nxc6 Qf6 6. Qf3 dxc6 7. Qxf6 Nxf6
8. Bd3 O-O 9. O-O Re8 10. Bf4 Nxe4 11. Nd2 Nxd2 12. Bxd2 Be6 13. Bc3 Rad8 14.
a3 Bd4 15. Bxd4 Rxd4 16. Rfe1 Kf8 17. Re3 Red8 18. Rae1 g6 19. f3 c5 20. g4 c4
21. Be2 Rd2 22. Rc1 b6 23. Kf1 c5 24. Ke1 R2d4 25. Kf2 Bc8 26. Kg3 Re8 27. Kf2
Rxe3 28. Kxe3 Be6 29. h4 f6 30. c3 Rd8 31. f4 h6 32. Rf1 Re8 33. Kd2 Bd5 34. f5
g5 35. hxg5 hxg5 36. Rf2 Kg7 37. Rh2 Rh8 38. Rxh8 Kxh8 39. Ke3 Kg7 40. Bd1 Kf7
41. Ba4 Ke7 42. Bb5 Kd6 43. Ba6 1/2-1/2

[Event "SpVgg. Zabo-Eintracht N e.V. 1-SF Fürth "]
[Site "?"]
[Date "2013.04.21"]
[Round "9.2"]
[White "Link, Andreas"]
[Black "Koschka, Robert"]
[Result "1/2-1/2"]
[WhiteElo "1957"]
[BlackElo "1869"]
[PlyCount "56"]
[EventDate "2013.??.??"]
[WhiteTeam "SpVgg. Zabo-Eintracht N e.V. 1"]
[BlackTeam "SF Fürth 1951 e.V. 2"]

1. d4 Nf6 2. Nf3 b5 3. e4 Nxe4 4. Bxb5 c6 5. Bd3 d5 6. O-O g6 7. Qe2 f5 8. Ne5
Bg7 9. f3 Nd6 10. Kh1 O-O 11. Bf4 e6 12. Qd2 Bf6 13. Bh6 Bg7 14. Nc3 Nf7 15.
Bxg7 Kxg7 16. Qe3 Nxe5 17. Qxe5+ Qf6 18. Qxf6+ Kxf6 19. Na4 Nd7 20. Rfe1 Bb7
21. f4 Rab8 22. Re2 Kf7 23. Nc5 Nxc5 24. dxc5 Bc8 25. b3 Bd7 26. c3 Rfe8 27.
Kg1 Kf6 28. Rae1 g5 1/2-1/2

[Event "SpVgg. Zabo-Eintracht N e.V. 1-SF Fürth "]
[Site "?"]
[Date "2013.04.21"]
[Round "9.3"]
[White "Körber, Thomas"]
[Black "Wittmann, Paul"]
[Result "1/2-1/2"]
[WhiteElo "1921"]
[BlackElo "2129"]
[PlyCount "43"]
[EventDate "2013.??.??"]
[WhiteTeam "SF Fürth 1951 e.V. 2"]
[BlackTeam "SpVgg. Zabo-Eintracht N e.V. 1"]

1. Nf3 d5 2. g3 Nf6 {(=)} 3. Bg2 e6 4. d3 Be7 5. Nbd2 O-O 6. O-O b6 7. e4 Bb7
8. e5 Nfd7 9. Re1 c5 10. Nf1 Nc6 11. h4 Qc7 12. Bf4 Nd4 13. N1h2 Nxf3+ 14. Nxf3
d4 15. a4 Rac8 16. b3 Rfd8 17. Qe2 a6 18. Ra2 Nb8 19. Raa1 Nc6 20. Ng5 Bxg5 21.
Bxg5 Ne7 22. Bxb7 1/2-1/2

[Event "SpVgg. Zabo-Eintracht N e.V. 1-SF Fürth "]
[Site "?"]
[Date "2013.04.21"]
[Round "9.4"]
[White "Ahlich, Thomas"]
[Black "Hinzmann, Alexander"]
[Result "1-0"]
[WhiteElo "1957"]
[BlackElo "1673"]
[PlyCount "91"]
[EventDate "2013.??.??"]
[WhiteTeam "SpVgg. Zabo-Eintracht N e.V. 1"]
[BlackTeam "SF Fürth 1951 e.V. 2"]

1. Nf3 d5 2. b3 e6 3. Bb2 Nf6 4. e3 c5 5. Be2 Be7 6. O-O b6 7. c4 Nc6 8. cxd5
exd5 9. d4 O-O 10. a3 Be6 11. Ne5 Nxe5 12. dxe5 Nd7 13. f4 f6 14. f5 Nxe5 15.
fxe6 Qd6 16. Nd2 Qxe6 17. Bxe5 Qxe5 18. Rf3 Bd6 19. Nf1 Rfe8 20. Ra2 Rad8 21.
Rd2 Bf8 22. Rxd5 Qxd5 23. Qxd5+ Rxd5 24. Bc4 Ree5 25. e4 Bd6 26. Bxd5+ Kf8 27.
a4 Ke7 28. Rf5 Rxf5 29. exf5 Be5 30. Kf2 Kd6 31. Bc4 Bd4+ 32. Kf3 Ke5 33. g4
Bc3 34. Ng3 Bd2 35. Bg8 Kd4 36. Ne2+ Kd3 37. Bxh7 c4 38. Bg8 c3 39. Bc4+ Kc2
40. Nd4+ Kb2 41. Bd3 c2 42. Bxc2 Bc3 43. Ke4 Bxd4 44. Kxd4 Kxc2 45. Kc4 Kb2 46.
h4 1-0

[Event "SpVgg. Zabo-Eintracht N e.V. 1-SF Fürth "]
[Site "?"]
[Date "2013.04.21"]
[Round "9.5"]
[White "Großner, Josef"]
[Black "Schlötterer, Hermann"]
[Result "0-1"]
[WhiteElo "1653"]
[BlackElo "1929"]
[PlyCount "98"]
[EventDate "2013.??.??"]
[WhiteTeam "SF Fürth 1951 e.V. 2"]
[BlackTeam "SpVgg. Zabo-Eintracht N e.V. 1"]

1. d4 Nf6 2. c4 c5 3. d5 b5 4. cxb5 a6 5. Bg5 Ne4 6. Nf3 axb5 7. Bf4 Qa5+ 8.
Bd2 b4 9. e3 Ba6 10. Bxa6 Qxa6 11. Bc1 g6 12. Nbd2 Nf6 13. e4 Bg7 14. Qc2 O-O
15. Nc4 d6 16. O-O Nbd7 17. Re1 Rfb8 18. Re3 Ng4 19. Rb3 Nde5 20. Ncxe5 Nxe5
21. Nxe5 Bxe5 22. Bd2 Bd4 23. a3 Qe2 24. Rf1 c4 25. Rxb4 Rxb4 26. axb4 Ra2 27.
Qd1 Qxe4 28. Bc3 Bxc3 29. bxc3 Qe5 30. Qb1 Ra3 31. Rc1 Qxd5 32. Qc2 Qe5 33. g3
Qf6 34. Qd2 Qf3 35. Qe1 Ra2 36. Ra1 Re2 37. Qf1 Kg7 38. Rc1 Qe4 39. Qd1 Rb2 40.
Qf1 d5 41. Qg2 Rb1 42. Qf1 Rxc1 43. Qxc1 d4 44. cxd4 Qxd4 45. b5 c3 46. b6 Qd2
47. Qa1 Qb2 48. Qa7 c2 49. b7 c1=Q+ 0-1

[Event "SpVgg. Zabo-Eintracht N e.V. 1-SF Fürth "]
[Site "?"]
[Date "2013.04.21"]
[Round "9.6"]
[White "Ziegler, Peter"]
[Black "Gude, Michael"]
[Result "1/2-1/2"]
[WhiteElo "1820"]
[BlackElo "1794"]
[PlyCount "37"]
[EventDate "2013.??.??"]
[WhiteTeam "SpVgg. Zabo-Eintracht N e.V. 1"]
[BlackTeam "SF Fürth 1951 e.V. 2"]

1. e4 e5 2. f4 exf4 3. Nf3 h6 4. b3 Be7 5. Bc4 Bh4+ 6. Kf1 d6 7. Bb2 Bf6 8. e5
dxe5 9. Nxe5 Bxe5 10. Qh5 Qe7 11. Qxe5 Qxe5 12. Bxe5 f6 13. Bxc7 g5 14. Bd6 Bf5
15. Na3 Nc6 16. Bb5 O-O-O 17. Nc4 Nd4 18. a4 Be6 19. Bc5 1/2-1/2

[Event "SpVgg. Zabo-Eintracht N e.V. 1-SF Fürth "]
[Site "?"]
[Date "2013.04.21"]
[Round "9.7"]
[White "Maschinski, Dieter"]
[Black "Keller, Gerhard"]
[Result "1/2-1/2"]
[WhiteElo "1740"]
[BlackElo "1967"]
[PlyCount "75"]
[EventDate "2013.??.??"]
[WhiteTeam "SF Fürth 1951 e.V. 2"]
[BlackTeam "SpVgg. Zabo-Eintracht N e.V. 1"]

1. e4 e5 2. Nf3 Nf6 3. d3 Nc6 4. c3 d6 5. Be2 Be7 6. h3 O-O 7. Be3 d5 8. Nbd2
h6 9. Qb1 d4 10. cxd4 exd4 11. Bf4 Be6 12. Ne5 Nxe5 13. Bxe5 c5 14. O-O Nd7 15.
Bh2 f5 16. exf5 Bxf5 17. g4 Bg6 18. f4 Bd6 19. Nc4 Bc7 20. a4 Bf7 21. Qc1 Bd5
22. Bf3 Nf6 23. b3 Bxf3 24. Rxf3 Nd5 25. Qd2 Re8 26. Raf1 Qf6 27. Qf2 Re7 28.
Nd2 Re3 29. Ne4 Qe7 30. Rc1 b6 31. Rf1 Rf8 32. f5 Rxf3 33. Qxf3 Bxh2+ 34. Kxh2
Ne3 35. Rf2 Qf7 36. Nd2 Rc8 37. Nc4 Nd5 38. Nd6 1/2-1/2

[Event "SpVgg. Zabo-Eintracht N e.V. 1-SF Fürth "]
[Site "?"]
[Date "2013.04.21"]
[Round "9.8"]
[White "Baumann, Mathias"]
[Black "Vinokur, Mykhaylo"]
[Result "1/2-1/2"]
[WhiteElo "2006"]
[BlackElo "1705"]
[PlyCount "32"]
[EventDate "2013.??.??"]
[WhiteTeam "SpVgg. Zabo-Eintracht N e.V. 1"]
[BlackTeam "SF Fürth 1951 e.V. 2"]

1. Nf3 Nf6 2. c4 c5 3. d4 cxd4 4. Nxd4 g6 5. g3 Bg7 6. Bg2 O-O 7. e4 Nc6 8. Ne2
d6 9. Nbc3 Ne5 10. b3 Bg4 11. O-O Nf3+ 12. Kh1 Nxe4 13. Qd3 Nxc3 14. Nxc3 Ne5
15. Qe3 Nc6 16. Bb2 Rc8 1/2-1/2

[Event "TSV Cadolzburg e.V. 1-SC Bechhofen 1923 "]
[Site "?"]
[Date "2013.04.21"]
[Round "9.2"]
[White "Schraufl, Wolfhardt"]
[Black "Lutz, Rainer"]
[Result "1-0"]
[WhiteElo "2108"]
[BlackElo "1845"]
[PlyCount "79"]
[EventDate "2013.??.??"]
[WhiteTeam "TSV Cadolzburg e.V. 1"]
[BlackTeam "SC Bechhofen 1923 e.V. 2"]

1. e4 e5 2. Nf3 Nc6 3. d3 Nf6 4. c3 d5 5. Nbd2 dxe4 6. dxe4 Bg4 7. Qc2 a6 8. a4
Bc5 9. b4 Ba7 10. Ba3 Bxf3 11. gxf3 Ne7 12. h4 Nh5 13. O-O-O Ng6 14. Kb2 Qf6
15. b5 Bxf2 16. bxa6 bxa6 17. Nc4 Rb8+ 18. Ka1 Bxh4 19. Bh3 Ne7 20. Rd7 Qxf3
21. Bg2 Qg3 22. Rxh4 Kxd7 23. Rxh5 f6 24. Rh3 Qe1+ 25. Ka2 Ke8 26. Rd3 Kf7 27.
Rd7 Rhe8 28. Rxc7 Kg6 29. Bxe7 Rbc8 30. Rxc8 Rxc8 31. Nd2 Qf2 32. Bh3 Rc6 33.
Bf5+ Kg5 34. Qd3 h5 35. Ka3 Rb6 36. a5 Rb8 37. Nf3+ Kf4 38. Nd2 h4 39. Nc4 g5
40. Qh3 1-0

[Event "TSV Cadolzburg e.V. 1-SC Bechhofen 1923 "]
[Site "?"]
[Date "2013.04.21"]
[Round "9.4"]
[White "Trümpelmann, Jochen"]
[Black "Sandner, Andreas"]
[Result "1/2-1/2"]
[WhiteElo "1911"]
[BlackElo "1815"]
[PlyCount "35"]
[EventDate "2013.??.??"]
[WhiteTeam "TSV Cadolzburg e.V. 1"]
[BlackTeam "SC Bechhofen 1923 e.V. 2"]

1. e4 d6 2. d4 Nf6 3. Bd3 e5 4. Ne2 g6 5. c3 Bg7 6. O-O O-O 7. f4 Nbd7 8. fxe5
dxe5 9. Bg5 Qe8 10. Ng3 h6 11. Be3 b6 12. Nd2 Bb7 13. d5 Qe7 14. c4 c6 15. Rc1
Rac8 16. Qe2 Ba6 17. h3 Nc5 18. dxc6 1/2-1/2

[Event "TSV Cadolzburg e.V. 1-SC Bechhofen 1923 "]
[Site "?"]
[Date "2013.04.21"]
[Round "9.5"]
[White "Horstmann, Astrid"]
[Black "Hofer, Stefan"]
[Result "1-0"]
[WhiteElo "1949"]
[BlackElo "1810"]
[PlyCount "81"]
[EventDate "2013.??.??"]
[WhiteTeam "SC Bechhofen 1923 e.V. 2"]
[BlackTeam "TSV Cadolzburg e.V. 1"]

1. c4 Nf6 2. d4 e6 3. a3 b6 4. Nf3 Bb7 5. e3 Be7 6. Bd3 d6 7. b3 Nbd7 8. Bb2
O-O 9. Nbd2 d5 10. O-O c5 11. Re1 cxd4 12. exd4 Bd6 13. Ne5 Qe7 14. f4 Rae8 15.
Re3 h5 16. h3 Rc8 17. g4 g5 18. Nxd7 Nxd7 19. f5 Bf4 20. Re1 h4 21. cxd5 Bxd5
22. Bc4 Nf6 23. Bxd5 Nxd5 24. Nc4 b5 25. Ne5 Qd6 26. Qf3 Bg3 27. Rec1 Nf4 28.
Rc6 Rxc6 29. Nxc6 Nxh3+ 30. Kf1 a6 31. Ne5 Rc8 32. fxe6 f6 33. Nd7 Rc2 34.
Nxf6+ Kh8 35. Ne4 Qf4 36. Qxf4 Nxf4 37. e7 Rc8 38. d5+ Kg8 39. d6 Ng6 40. Bf6
Bxd6 41. Nxd6 1-0

[Event "TSV Cadolzburg e.V. 1-SC Bechhofen 1923 "]
[Site "?"]
[Date "2013.04.21"]
[Round "9.6"]
[White "Metzenroth, Dieter"]
[Black "Lechner, Hans-Dieter"]
[Result "1/2-1/2"]
[WhiteElo "1782"]
[BlackElo "1825"]
[PlyCount "71"]
[EventDate "2013.??.??"]
[WhiteTeam "TSV Cadolzburg e.V. 1"]
[BlackTeam "SC Bechhofen 1923 e.V. 2"]

1. d4 Nf6 2. Bf4 d5 3. e3 g6 4. Nf3 Bg7 5. h3 Nbd7 6. Be2 c5 7. c3 O-O 8. O-O
Qb6 9. Qb3 c4 10. Qc2 Qc6 11. b3 b5 12. Nbd2 Nh5 13. Bh2 f5 14. Ne5 Bxe5 15.
dxe5 Ng7 16. bxc4 bxc4 17. Nxc4 Ba6 18. Na5 Qb6 19. Bxa6 Qxa6 20. Nb3 Rac8 21.
Qd2 e6 22. Rfc1 Rc4 23. Nd4 Rfc8 24. Rab1 Nc5 25. f3 Ra4 26. Rc2 Ra3 27. Nb5
Ra5 28. Nd6 Rd8 29. Bg3 Ne8 30. c4 Nxd6 31. exd6 Nd7 32. cxd5 Rxd5 33. Qc1 Ne5
34. Bxe5 Rxe5 35. Qb2 Qxd6 36. Re1 1/2-1/2

[Event "TSV Cadolzburg e.V. 1-SC Bechhofen 1923 "]
[Site "?"]
[Date "2013.04.21"]
[Round "9.7"]
[White "Christ, Helmut"]
[Black "Grund, Christian"]
[Result "1/2-1/2"]
[WhiteElo "1650"]
[BlackElo "1605"]
[PlyCount "41"]
[EventDate "2013.??.??"]
[WhiteTeam "SC Bechhofen 1923 e.V. 2"]
[BlackTeam "TSV Cadolzburg e.V. 1"]

1. d4 d5 2. c4 Nf6 3. Nc3 Bf5 4. e3 e6 5. Nf3 c6 6. Bd3 Bxd3 7. Qxd3 Be7 8. b3
O-O 9. O-O Qc7 10. Bb2 Nbd7 11. cxd5 exd5 12. Rfc1 Rfe8 13. a3 Qb8 14. b4 a6
15. Rc2 Nb6 16. h3 Ne4 17. Nd2 Nxd2 18. Qxd2 Bg5 19. Qd3 Qd6 20. Rf1 Qh6 21. e4
1/2-1/2